000 05717namaa22004451i 4500
003 EG-GICUC
005 20260412104721.0
008 260315s2025 ua a|||frm||| 000 0 eng d
040 _aEG-GICUC
_beng
_cEG-GICUC
_dEG-GICUC
_erda
041 0 _aeng
_beng
_bara
049 _aDeposit
082 0 4 _a595.799
092 _a595.799
_221
097 _aM.Sc
099 _aCai01.07.08.M.Sc.2025.Ma.E
100 0 _aManar Ali Sayed Mansour,
_epreparation.
245 1 0 _aEffect of some factors on the reaults of instrumental insemination of honeybee queens /
_cby Manar Ali Sayed Mansour ; Supervisors Dr. Adel Mahmoud Mazeed, Dr. Mohammed Abdal-wahab Abd-Al-Fattah, Dr. Yasser Essam Elenany,
246 1 5 _aتأثير بعض العوامل على نتائج التلقيح الآلى لملكات نحل العسل
264 0 _c2025.
300 _a74 pages :
_billustrations ;
_c25 cm. +
_eCD.
336 _atext
_2rda content
337 _aUnmediated
_2rdamedia
338 _avolume
_2rdacarrier
502 _aThesis (M.Sc)-Cairo University, 2025.
504 _aBibliography: pages 63-74.
520 3 _aThe present study was carried out in the apiary yard of the Faculty of Agricultural, Cairo University, Giza, aiming to detect the suitable conditions with respect to colony’s queen state and drones age (1-3 & 7-9 & 12-14 & 21-23 days old) for obtaining maximum values of some reproductive characteristics of honeybee drones. In addition, to detect the suitable method for introducing honeybee queens after instrumental insemination for obtaining high number of sperms in the spermatheca combined with minimum residues of semen in the lateral oviducts. The results showed that the number of spermatozoa in drones significantly decreased with advancing age. It was also found that the number of spermatozoa in drones raised in the presence of a queen was significantly higher than those raised in the absence of a queen, regardless of the ages of the drones raised. The results also clarified that the volume of semen in drones raised in the presence of the queen was greater than the volume of semen in drones raised in the absence of the queen. The results also showed that the percentage of mature drones producing semen was significantly higher when reared in the presence of the queen compared to those reared in the absence of the queen. In addition, the instrumentally inseminated queens being placed under semi-spherical screen cages with 15 workers showed significant decrease in the number of sperms in the spermatheca in comparison with the other treatments. Also, the results showed that the number of sperms in the spermathecae of the queens placed under semi-spherical queen excluder cages or introduced in mini nuclei was significantly higher than that of the queens introduced under semi-spherical screen cages with 15 workers. The results also showed that the highest number of spermatozoa was found in the spermatheca of queens that were instrumentally inseminated and placed in mating nuclei. In addition, the results indicated that the number of spermatozoa in the spermatheca of queens that were naturally mated was slightly fewer than the number of spermatozoa in the spermatheca of queens that were instrumentally inseminated and placed in mating nuclei, or under semispherical queen excluder cages. but these differences were not significant. In contrast, the number of sperm retained in the lateral oviducts of the instrumentally inseminated queens was significantly higher in queens introduced under semi-spherical screen cages with 15 workers than those introduced under semispherical queen excluder cages, or in mating nuclei.
520 3 _aالدراسة نُفذت في منحل كلية الزراعة – جامعة القاهرة لبحث تأثير عمر الذكور وحالة الطائفة على الخصائص التناسلية.انخفض عدد الحيوانات المنوية في الذكور مع التقدم في العمر. كان عدد الحيوانات المنوية وحجم السائل المنوي أعلى عند تربية الذكور بوجود الملكة مقارنة بغيابها.ازدادت نسبة الذكور الناضجة المنتجة للسائل المنوي بوجود الملكة. انخفض عدد الحيوانات المنوية في حوصلة الملكات الملقحة آليًا تحت أقفاص سلكية نصف كروية مع 15 شغالة.ارتفع العدد عند إدخال الملكات في نويات التزاوج أو تحت أقفاص مانعة للملكة.أعلى القيم سُجلت للملكات الملقحة آليًا والمقدمة في نويات التزاوج، بينما ظهرت بقايا منوية أكبر في القنوات الجانبية عند استخدام الأقفاص السلكية.
530 _aIssues also as CD.
546 _aText in English and abstract in Arabic & English.
650 0 _aHoneybee
650 0 _aنحل العسل
653 1 _aApis Mellifera
_aDrones
_a Reproductive Characteristics
_aInstrumental Insemination
_aSemi- Spherical Queen Excluder Cage
_aMini Nuclei
_aSemen Residues
700 0 _aAdel Mahmoud Mazeed
_ethesis advisor.
700 0 _aMohammed Abdal-wahab Abd-Al-Fattah
_ethesis advisor.
700 0 _aYasser Essam Elenany
_ethesis advisor.
900 _b01-01-2025
_cAdel Mahmoud Mazeed
_cMohammed Abdal-wahab Abd-Al-Fattah
_cYasser Essam Elenany
_UCairo University
_FFaculty of Agriculture
_DDepartment of Economic Entomology and Pesticides
905 _aShimaa
_eEman Ghareb
942 _2ddc
_cTH
_e21
_n0
999 _c179055